| 000 | 01500nam a2200253 a 4500 | ||
|---|---|---|---|
| 008 | 120416s1999 ||||||||||||||||| || u | ||
| 020 | _a0435453149 | ||
| 050 | _aHF 5030 Bus | ||
| 100 | _aNeedham, Dave | ||
| 245 | 1 | 0 |
_aBusiness for higher awards _cDave Needham...[and others] |
| 250 | _a2nd ed. | ||
| 260 |
_aOxford _bHeinemann _c1999 |
||
| 350 | _a0.00 | ||
| 650 | 0 | _aMANAGEMENT | |
| 650 | 0 | _aBUSINESS | |
| 650 | _aIndustrial management - United States | ||
| 650 | _aBUSINESS ENTERPRISES--UNITED STATES | ||
| 995 |
_aANNEX COLLECTION (Main Library) _D0.00 _e734711 _FCBU-MAIN LIBRARY (Kitwe) _H1 _I15.00 _jHF 5030 Bus _M1 _UAVAILABLE _y47820 _ZAnnex Low-Usage Collection |
||
| 995 |
_aANNEX COLLECTION (Main Library) _D0.00 _e736021 _FCBU-MAIN LIBRARY (Kitwe) _H5 _I15.00 _jHF 5030 Bus _M5 _UAVAILABLE _y38664 _ZAnnex Low-Usage Collection |
||
| 995 |
_aMAIN LIBRARY OPEN ACCESS _D0.00 _e740042 _FCBU-MAIN LIBRARY (Kitwe) _H1 _I0.00 _jHF 5030 BUS _M6 _UAVAILABLE _WMay 13, 2009 _y740042 _ZMain Library Open Access Collection |
||
| 995 |
_aANNEX COLLECTION (Main Library) _D0.00 _e736019 _FCBU-MAIN LIBRARY (Kitwe) _H3 _I15.00 _jHF 5030 Bus _M3 _UAVAILABLE _y38665 _ZAnnex Low-Usage Collection |
||
| 995 |
_aMAIN LIBRARY OPEN ACCESS _D0.00 _e736020 _FCBU-MAIN LIBRARY (Kitwe) _H4 _I15.00 _jHF 5030 Bus _M4 _UAVAILABLE _y38663 _ZMain Library Open Access Collection |
||
| 995 |
_aMAIN LIBRARY OPEN ACCESS _D0.00 _e736018 _FCBU-MAIN LIBRARY (Kitwe) _H2 _I15.00 _jHF 5030 Bus _M2 _ULOST _VFeb 20, 2013 _y38666 _ZMain Library Open Access Collection |
||
| 999 |
_c77899 _d77899 |
||